East Asia : a new history / (Record no. 141)
[ view plain ]
| 000 -LEADER | |
|---|---|
| fixed length control field | 01912pam a2200301 a 4500 |
| 001 - CONTROL NUMBER | |
| control field | 3524192 |
| 005 - DATE AND TIME OF LATEST TRANSACTION | |
| control field | 20210414113847.0 |
| 008 - FIXED-LENGTH DATA ELEMENTS--GENERAL INFORMATION | |
| fixed length control field | 960329s1997 flua b 001 0 eng |
| 010 ## - LIBRARY OF CONGRESS CONTROL NUMBER | |
| LC control number | 96016976 |
| 020 ## - INTERNATIONAL STANDARD BOOK NUMBER | |
| International Standard Book Number | 0673993507 (alk. paper) |
| 040 ## - CATALOGING SOURCE | |
| Original cataloging agency | DLC |
| Transcribing agency | DLC |
| Modifying agency | DLC |
| 043 ## - GEOGRAPHIC AREA CODE | |
| Geographic area code | ae----- |
| -- | as----- |
| 050 00 - LIBRARY OF CONGRESS CALL NUMBER | |
| Classification number | DS511.M95 |
| 082 00 - DEWEY DECIMAL CLASSIFICATION NUMBER | |
| Classification number | 950 |
| Edition number | 20 |
| 100 1# - MAIN ENTRY--PERSONAL NAME | |
| Personal name | Murphey, Rhoads, |
| Dates associated with a name | 1919- |
| 245 10 - TITLE STATEMENT | |
| Title | East Asia : a new history / |
| Statement of responsibility, etc. | Rhoads Murphey. |
| 260 ## - PUBLICATION, DISTRIBUTION, ETC. | |
| Place of publication, distribution, etc. | New York : |
| Name of publisher, distributor, etc. | Addison Wesley Longman, Inc., |
| Date of publication, distribution, etc. | c1997. |
| 300 ## - PHYSICAL DESCRIPTION | |
| Extent | xx, 459 p. : |
| Other physical details | ill. ; |
| Dimensions | 26 cm. |
| 504 ## - BIBLIOGRAPHY, ETC. NOTE | |
| Bibliography, etc. note | Includes bibliographical references and index. |
| 505 ## - FORMATTED CONTENTS NOTE | |
| Formatted contents note | Contents: East Asia: Common ground and regional differences -- Prehistory, beginnings in China, and the Shang Dynasty -- The Chou, its decline and the age of philosophers -- Ch'in and Han: The Making of empire -- Buddihism, barbarians and the T'ang dynasty -- Achievement and Disaster: The Sung and the Yuan Dynasties 960-1355 -- New imperial splendor in China: The Ming Dynasty -- The Ch'ing in prosperity and decline -- Premodern Vietnam and Korea -- Beginnings in Japan: Patterns and origins -- Warriors, monks and conflict: Medieval Japan -- The West arrives in Asia -- Tokugawa Japan -- Humiliation and response in nineteenth century China -- Japan's response to new challenges -- Imperialism in Korea, Vietnam and Southeast Asia -- China in tatters, 1896-1925 -- China and Japan: The Road to war -- The Second World War in Asia -- China since 1945 -- Japan and Korea since 1945 -- Southeast Asia, Vietnam and the U.S. in East Asia. |
| 650 ## - SUBJECT ADDED ENTRY--TOPICAL TERM | |
| Topical term or geographic name entry element | East Asia |
| General subdivision | History. |
| 650 ## - SUBJECT ADDED ENTRY--TOPICAL TERM | |
| Topical term or geographic name entry element | Southeast Asia |
| General subdivision | History. |
| 651 #0 - SUBJECT ADDED ENTRY--GEOGRAPHIC NAME | |
| Geographic name | East Asia |
| General subdivision | History. |
| 651 #0 - SUBJECT ADDED ENTRY--GEOGRAPHIC NAME | |
| Geographic name | Southeast Asia |
| General subdivision | History. |
| 906 ## - LOCAL DATA ELEMENT F, LDF (RLIN) | |
| a | 7 |
| b | cbc |
| c | orignew |
| d | 1 |
| e | ocip |
| f | 19 |
| g | y-gencatlg |
| 942 ## - ADDED ENTRY ELEMENTS (KOHA) | |
| Source of classification or shelving scheme | Library of Congress Classification |
| Koha item type | Books |
| Withdrawn status | Lost status | Source of classification or shelving scheme | Damaged status | Not for loan | Home library | Current library | Shelving location | Date acquired | Total Checkouts | Full call number | Barcode | Date last seen | Price effective from | Koha item type |
|---|---|---|---|---|---|---|---|---|---|---|---|---|---|---|
| Library of Congress Classification | WISCONSIN INTERNATIONAL UNIVERSITY COLLEGE, GHANA - MAIN LIBRARY | WISCONSIN INTERNATIONAL UNIVERSITY COLLEGE, GHANA - MAIN LIBRARY | General Stacks | 28/09/2011 | DS511.M95 | 395/11 | 28/09/2011 | 28/09/2011 | Books |
